000
00229nam a2200097Ia 4500
008
170619s9999 xx 000 0 und d
100
_a
Narang Rajesh
245
0
_a
Database Management Systems
260
_b
New Delhi: PHI
260
_c
2004
546
_a
ENGLISH
999
_c
17722
_d
17722